000 01038cam a2200289 i 4500
003 OSt
005 20240222155924.0
008
020 _a9781455707072 (paperback.)
040 _cNUST
_aNUST
_beng
_dNUST
050 _aQR181 ABB
100 1 _aAbbas, Abul K.
_eAuthor
245 1 0 _aBasic immunology :
_bfunctions and disorders of the immune system /
_cAbul K. Abbas; Andrew H. Lichtman; Shiv Pillai; illustrations by David L. Baker;Alexandra Baker.
250 _afourth edition.
260 1 _aPhiladelphia :
_bElsevier/Saunders,
_c2014.
300 _aix, 320 pages. :
_bcol illustrations. ;
_c24 cm
336 _2rdacontent
_atext
_btxt
337 _2rdamedia
_aunmediated
_bn
338 _2rdacarrier
_avolume
_bnc
504 _aIncludes bibliographical references and index.
650 0 _aImmunology.
650 1 2 _aImmunity.
650 2 2 _aHypersensitivity.
700 1 _aLichtman, Andrew H.
_eAuthor
700 1 _aPillai, Shiv.
_eAuthor
942 _cBOOKS
_kQR
_mABB
_2lcc
_hQR181
_n0
999 _c130360
_d130360